000 02931nas1a22004571 4500
001 RU\NLR\Per\1211231
005 20260401102003.0
010 _a977-2-346-83500-4
011 _a2782-5728
_bOnline
_y2346-8351
011 0 _a2658-638X
_bPrint
035 _a(NLR Aleph) 011088969
090 _a11357442
_c11357442
100 _a20260409 rusy50
101 0 _arus
102 _aRU
110 _aau|||||||||
200 1 _aПсихология и педагогика служебной деятельности
_dPsychology and pedagogics in official activity
_zeng
207 0 _a2016, № 1 -
210 _a[Москва
_cб. и.]
_d2016 -
300 _aЗагл. обл.: Международный журнал психологии и педагогики в служебной деятельности
510 1 _aPsychology and pedagogics in official activity
_zeng
512 1 _aМеждународный журнал психологии и педагогики в служебной деятельности
_zrus
512 1 _aМеждународный журнал психологии и педагогики служебной деятельности
606 1 _aПрофессиональная деятельность
_jПериодические издания
_xПсихологические исследования
_92280342
_3RU\NLR\AUTH\6601594540
606 1 _aВысшие учебные заведения МВД Российской Федерации
_jПериодические издания
_xУчебно-воспитательная работа
_92500898
_3RU\NLR\AUTH\661483299
606 1 _aВысшие учебные заведения МВД Российской Федерации
_jПериодические издания
_xКурсанты
_xПсихологическая подготовка
_92578165
_3RU\NLR\AUTH\661524254
686 1 _aЧ489.412я54
686 1 _aЧ489.413я54
686 1 _aЮ941.1я54
686 1 _aЦ4,6(2Р)301.1я54
852 _aNLR
_jП32/866
942 _cJOURNAL
980 _aNB
980 _aRUSPER